| 000 | 00397nam a2200145Ia 4500 | ||
|---|---|---|---|
| 008 | 211109s9999||||xx |||||||||||||| ||und|| | ||
| 082 |
_a920 _bJAW-M |
||
| 100 | _aJawaharakurup, P | ||
| 245 | 0 | _aMahacharitha Mala Vol 69 | |
| 260 |
_bNATIONAL BOOKSTALL _aKottayam _c1982 |
||
| 300 | _a98p. | ||
| 630 | _xGeneral Stack | ||
| 650 |
_aHistory _vBiography _xGreat PersonalitiesGeneralia |
||
| 942 | _cBOOK | ||
| 999 |
_c91090 _d91090 |
||